| 000 | 01395nam a22003137i 4500 | ||
|---|---|---|---|
| 003 | EG-ScBUE | ||
| 005 | 20221127094834.0 | ||
| 008 | 220731s2005 ua f 000 0 ara d | ||
| 040 |
_aEG-ScBUE _bara _erda _cEG-ScBUE _dEG-ScBUE |
||
| 082 | 0 | 4 |
_222 _a892.709 _bب ي ي |
| 100 | 1 |
_aبييرا، جوزيب، _eمؤلف. |
|
| 240 | 1 | 0 |
_aMitja lluna : de l'evocacio del mon i la poesia Arabs en la lirica catalana moderna. _lArabic |
| 245 | 1 | 2 |
_aالقمر في ذكر العالم العربي والشعر العربي في الشعر الغنائي الكتلاني العصري / _cحوزيب بييرا، جاوما بونت، منويل فوركانو. |
| 250 | _aالطبعة الأولى. | ||
| 264 | 1 |
_a[الإسكندرية] : _bمكتبة الإسكندرية، _c2005. |
|
| 300 |
_a38، 38 صفحة ؛ _c24 سم |
||
| 336 |
_2rdacontent _aنص _btxt |
||
| 337 |
_2rdamedia _aبدون وسيط _bn |
||
| 338 |
_2rdacarrier _aمجلد _bnc |
||
| 541 | _aBook from store. | ||
| 546 | _aالنص باللغتين العربية والفرنسية. | ||
| 650 | 7 |
_aالشعر العربي _xتاريخ ونقد. _2BUEsh |
|
| 650 | 7 |
_aالأدب العربي _xتاريخ ونقد. _2BUEsh |
|
| 653 |
_bARALIT _cNovember2022 |
||
| 655 | _vReading book | ||
| 700 | 1 |
_aبونت، جاوما، _eمؤلف. |
|
| 700 | 1 |
_aفوركانو، منويل، _eمؤلف. |
|
| 942 | _2ddc | ||
| 999 |
_c30036 _d30007 |
||